The aristocracy in Europe, 1815-1914

Αποθηκεύτηκε σε:
Λεπτομέρειες βιβλιογραφικής εγγραφής
Κύριος συγγραφέας: Lieven, D. C. B.
Μορφή: Βιβλίο
Γλώσσα:English
Δημοσίευση: London : Macmillan, 1992.
Σειρά:Themes in comparative history
Θέματα:
Ετικέτες: Προσθήκη ετικέτας
Δεν υπάρχουν, Καταχωρήστε ετικέτα πρώτοι!

MARC

LEADER 00000cam a2200000 i 4500
001 1/455
008 950703s1992 enk| ||| |||| ||eng||
020 |a 0333389328 
035 |l 10014086 
040 |a GR-MyUa  |b gre  |e AACR2 
041 0 |a eng 
082 7 |a 305.52094   |2 (22) 
100 1 |a Lieven, D. C. B. 
245 1 4 |a The aristocracy in Europe, 1815-1914 /   |c Dominic Lieven. 
260 |a London :   |b Macmillan,   |c 1992. 
300 |a 308 σ. ;   |c 23 εκ. 
490 1 |a (Themes in comparative history) 
504 |a Περιλαμβάνει βιβλιογραφικές παραπομπές και ευρετήριο. 
650 0 0 |a Aristocracy (Social class)  |z Germany  |x History. 
650 0 0 |a Aristocracy (Social class)  |z Great Britain  |x History. 
650 0 0 |a Aristocracy (Social class)  |z Russia  |x History. 
830 0 |a Themes in comparative history 
852 |a INST  |b LESVOS  |e 19950703  |h 305.52094 LIE  |p 005100008164  |q 005100008164  |t BK  |y 0 
922 |a 1ΕΛΗ  |b 199212  |c ΠΠ/2149